00781nam a2200193 a 4500003000200000005001700002008004100019050002800060100003600088245009800124260009300222300004100315504004100356650004300397650003900440650004400479650003000523650003400553020250227155137.0100819s19uu xx 00 eng d aPGS TP 890b.P185 2010  aPamilacan, Christian Patrick A. aThe use of cola and vinegar with salt as a tarnish remover /cChristian Patrick A. Pamilacan. aLas Piñas City, Philippines : bSouthville International School and Colleges, c2010. a14 pages :billustrations ; c28 cm. aIncludes bibliographical references. aTarnish removersvChemical properties. aMetal cleaningvNatural solutions. aAcidic cleaning agentsvHousehold uses. aColavChemical reactions. aVinegarvCleaning properties.